Online Catalogue and eLibrary

Rediscovering Masculinity: (Record no. 1606)

MARC details
000 -LEADER
fixed length control field 00496nam a2200193Ia 4500
005 - DATE AND TIME OF LATEST TRANSACTION
control field 20250117054319.0
008 - FIXED-LENGTH DATA ELEMENTS--GENERAL INFORMATION
fixed length control field 240331s9999 xx 000 0 und d
020 ## - INTERNATIONAL STANDARD BOOK NUMBER
ISBN 0415031990
082 ## - DDC Classification
Item Number - Author Mark SEI
DDC Edition Number 3577
Class No. 305.3
100 ## - MAIN ENTRY--PERSONAL NAME
Personal name Seidler, V. J
245 #0 - TITLE STATEMENT
Title Rediscovering Masculinity:
Remainder of title Reason, Language and Sexuality
260 ## - PUBLICATION, DISTRIBUTION, ETC.
Place of publication, distribution, etc. London
-- New York
Name of publisher, distributor, etc. Routledge
Date of publication, distribution, etc. 1989
300 ## - PHYSICAL DESCRIPTION
Extent (e.g. Volumes, Pages etc.) xvi, 234 p.,
650 ## - SUBJECT ADDED ENTRY--TOPICAL TERM
Topical term or geographic name entry element Masculinity
650 ## - SUBJECT ADDED ENTRY--TOPICAL TERM
Topical term or geographic name entry element Men
650 ## - SUBJECT ADDED ENTRY--TOPICAL TERM
Topical term or geographic name entry element Sexuality
650 ## - SUBJECT ADDED ENTRY--TOPICAL TERM
Topical term or geographic name entry element Politics
942 ## - Koha item type (Biblio)
Koha item type Books in Stacks (Lending)
Holdings
Lost status Damaged status Collection code Home library Current library Shelving location Date acquired Full call number Accession Number Item type
    Lending WERC Library WERC Library Social Science Cupboard 03/31/2024 305.3 SEI 3577 Books in Stacks (Lending)

© WERC Library